|
|
|
|
| LEADER |
01873nam a2200457 i 4500 |
| 001 |
EBC4595450 |
| 003 |
MiAaPQ |
| 005 |
20200520144314.0 |
| 006 |
m o d | |
| 007 |
cr cnu|||||||| |
| 008 |
160812t20162016njua o 001 0 eng d |
| 020 |
|
|
|z 9781119261674
|
| 020 |
|
|
|z 9781119003335
|
| 020 |
|
|
|a 9781119003359
|q (electronic bk.)
|
| 020 |
|
|
|a 9781119003342
|q (electronic bk.)
|
| 035 |
|
|
|a (MiAaPQ)EBC4595450
|
| 035 |
|
|
|a (Au-PeEL)EBL4595450
|
| 035 |
|
|
|a (CaPaEBR)ebr11236955
|
| 035 |
|
|
|a (CaONFJC)MIL940969
|
| 035 |
|
|
|a (OCoLC)954046693
|
| 040 |
|
|
|a MiAaPQ
|b eng
|e rda
|e pn
|c MiAaPQ
|d MiAaPQ
|
| 050 |
|
4 |
|a HG4028.V3
|b .M377 2016
|
| 082 |
0 |
|
|a 332.63/2042
|2 23
|
| 100 |
1 |
|
|a Massari, Mario,
|e author.
|
| 245 |
1 |
0 |
|a Corporate valuation :
|b measuring the value of companies in turbulent times /
|c Mario Massari, Gianfranco Gianfrate, Laura Zanetti.
|
| 264 |
|
1 |
|a Hoboken, New Jersey :
|b Wiley,
|c 2016.
|
| 264 |
|
4 |
|c 2016
|
| 300 |
|
|
|a 1 online resource (515 pages) :
|b illustrations, tables
|
| 336 |
|
|
|a text
|2 rdacontent
|
| 337 |
|
|
|a computer
|2 rdamedia
|
| 338 |
|
|
|a online resource
|2 rdacarrier
|
| 500 |
|
|
|a Includes index.
|
| 588 |
|
|
|a Description based on print version record.
|
| 590 |
|
|
|a Electronic reproduction. Ann Arbor, MI : ProQuest, 2016. Available via World Wide Web. Access may be limited to ProQuest affiliated libraries.
|
| 650 |
|
0 |
|a Business enterprises
|x Valuation.
|
| 655 |
|
4 |
|a Electronic books.
|
| 700 |
1 |
|
|a Gianfrate, Gianfranco,
|e author.
|
| 700 |
1 |
|
|a Zanetti, Laura,
|e author.
|
| 776 |
0 |
8 |
|i Print version:
|a Massari, Mario.
|t Corporate valuation : measuring the value of companies in turbulent times.
|d Hoboken, New Jersey : Wiley, c2016
|h xv, 488 pages
|z 9781119261674
|w 2016021190
|
| 797 |
2 |
|
|a ProQuest (Firm)
|
| 856 |
4 |
0 |
|u https://ebookcentral.proquest.com/lib/matrademy/detail.action?docID=4595450
|z Click to View
|